I calciatori con più assist in una sola stagione di Serie A post 2000 - Statistics

Statistiche generali
  • Questo quiz è stato fatto 294 volte
  • Il punteggio medio è 7 su 10
Statistiche sulle risposte
ANNO SQUADRA GIOCATORE NUMERO ASSIST % Corretto
2022 Milan Leao 12
92%
2017 Napoli Mertens 15
89%
2022 Lazio Savic/Milinkovic 12
82%
2019 Lazio Luis Alberto 15
81%
2016 Napoli Hamsik 13
79%
2020 Atalanta Gomez 12
77%
2019 Atalanta Gomez 12
77%
2018 Napoli Callejon 14
68%
2017 Inter Candreva 14
48%
2020 Milan Calhanoglu 14
42%
Nessun quiz corrispondente trovato
Distribuzione punteggi
Percentuale di utenti per punteggio
Percentile per numero di risposta
I tuoi punteggi nel tempo
Non hai fatto questo quiz